| 000 | 00640nam a22002057a 4500 | ||
|---|---|---|---|
| 003 | OSt | ||
| 005 | 20250729115752.0 | ||
| 008 | 250708t |||a|||| |||| 00| 0 spa d | ||
| 020 | _a9580476969 | ||
| 037 | _bDonación | ||
| 040 |
_aCO-JMCR _bspa _cCO-JMCR _dCO-JMCR _erda |
||
| 041 | 1 | 0 |
_aspa _hdeu |
| 082 | 0 | 4 |
_223 _aC _bJESm |
| 100 | 1 |
_aJeschke, Tanja, _eautora _944206 _d[1964-] |
|
| 245 | 1 | 3 |
_aUn milagro en Belén / _cTanja Jeschke, Sabine Waldmann-Brun. |
| 260 |
_aBogotá : _bGrupo Norma, _c© 2003. |
||
| 300 |
_a[27 páginas] : _bIlustraciones ; _c27 cm. |
||
| 700 | 1 |
_aWaldmann-Brun, Sabine, _eautora, _944207 _d[1961-] |
|
| 942 |
_2ddc _cBK |
||
| 999 |
_c31035 _d17419 |
||